[Event "Berlin-ch Seniors op 36th"]
[Site "Berlin"]
[Date "2020.01.30"]
[Round "3.3"]
[White "Kribben, Matthias"]
[Black "Bornschein, Burkhard"]
[Result "0-1"]
[WhiteElo "2100"]
[BlackElo "1972"]
[PlyCount "92"]
[EventDate "2020.01.28"]
[EventType "swiss"]
[EventRounds "9"]
[EventCountry "GER"]
[SourceTitle "EXT 2024"]
[Source "ChessBase"]
[SourceDate "2023.10.10"]
[SourceVersion "1"]
[SourceVersionDate "2023.10.10"]
[SourceQuality "1"]

1. e4 c5 2. Nf3 Nc6 3. d4 cxd4 4. Nxd4 Nf6 5. Nc3 e5 6. Ndb5 d6 7. Bg5 a6 8. Na3 b5 9. Nd5 Be7 10. Bxf6 Bxf6 11. Nxf6+ gxf6 12. c3 Be6 13. Nc2 f5 14. a4 Rb8 15. axb5 axb5 16. exf5 Bxf5 17. Qd5 Ne7 18. Qb3 0-0 19. Ne3 Be6 20. Qd1 f5 21. Ra6 Rb6 22. Rxb6 Qxb6 23. Qh5 Kg7 24. h4 Rf6 25. g4 f4 26. g5 Rg6 27. Ng4 Ng8 28. Bd3 Qb7 29. Rg1 e4 30. Nf6 Nxf6 31. gxf6+ Kxf6 32. Rxg6+ hxg6 33. Qg5+ Kg7 34. Qxb5 Qa8 35. Bf1 Bg4 36. Be2 Bf5 37. h5 e3 38. fxe3 fxe3 39. hxg6 Qh1+ 40. Bf1 Bg4 41. Qg5 Qe4 42. Bd3 Qxd3 43. Qe7+ Kxg6 44. Qe8+ Kg5 45. Qe7+ Kf4 46. Qf6+ Kg3 0-1

[Event "Berlin Lichtenberger op 18th"]
[Site "Berlin"]
[Date "2019.08.25"]
[Round "9"]
[White "Bade, Heidrun"]
[Black "Bornschein, Burkhard"]
[Result "0-1"]
[WhiteElo "1783"]
[BlackElo "2016"]
[PlyCount "48"]
[EventDate "2019.08.17"]
[EventType "swiss"]
[EventRounds "9"]
[EventCountry "GER"]
[SourceTitle "EXT 2020"]
[Source "ChessBase"]
[SourceDate "2019.10.17"]
[SourceVersion "1"]
[SourceVersionDate "2019.10.17"]
[SourceQuality "1"]

1. e4 c5 2. Nf3 Nc6 3. d4 cxd4 4. Nxd4 Nf6 5. Nc3 e5 6. Nb3 Bb4 7. Bg5 h6 8. Bxf6 Bxc3+ 9. bxc3 Qxf6 10. Be2 d6 11. Qd3 0-0 12. 0-0 Rd8 13. c4 a5 14. c3 Be6 15. Nd2 Qe7 16. a4 Qc7 17. Rab1 Nb8 18. Nb3 Nd7 19. Rfd1 Nb6 20. c5 Nxa4 21. cxd6 Qxc3 22. Qb5 Qb4 23. Qd3 Nc3 24. Nd2 Nxb1 0-1

[Event "Berlin Lichtenberger op 18th"]
[Site "Berlin"]
[Date "2019.08.24"]
[Round "8"]
[White "Bornschein, Burkhard"]
[Black "Grassi, Fabrizio"]
[Result "0-1"]
[WhiteElo "2016"]
[BlackElo "1861"]
[PlyCount "60"]
[EventDate "2019.08.17"]
[EventType "swiss"]
[EventRounds "9"]
[EventCountry "GER"]
[SourceTitle "EXT 2020"]
[Source "ChessBase"]
[SourceDate "2019.10.17"]
[SourceVersion "1"]
[SourceVersionDate "2019.10.17"]
[SourceQuality "1"]

1. d4 d5 2. c4 e6 3. Nc3 Nf6 4. Bg5 c5 5. cxd5 cxd4 6. Qxd4 Be7 7. Nf3 0-0 8. dxe6 Bxe6 9. Qxd8 Rxd8 10. e3 h6 11. Bh4 g5 12. Bg3 Nc6 13. Be2 Nd5 14. Nxd5 Bxd5 15. 0-0 Bf6 16. h4 Bxb2 17. Rab1 Bf6 18. hxg5 hxg5 19. Rxb7 Nd4 20. Nxd4 Bxb7 21. Nb5 Rd2 22. Bc4 Rc8 23. Bb3 Ba6 24. a4 Bxb5 25. axb5 Rb2 26. Bd5 Rxb5 27. Rd1 Rbc5 28. Kh2 Kg7 29. e4 Rc1 30. Rd2 Rh8+ 0-1

[Event "Berlin Lichtenberger op 18th"]
[Site "Berlin"]
[Date "2019.08.23"]
[Round "7"]
[White "Kraft, Tom"]
[Black "Bornschein, Burkhard"]
[Result "1/2-1/2"]
[WhiteElo "1893"]
[BlackElo "2016"]
[PlyCount "37"]
[EventDate "2019.08.17"]
[EventType "swiss"]
[EventRounds "9"]
[EventCountry "GER"]
[SourceTitle "EXT 2020"]
[Source "ChessBase"]
[SourceDate "2019.10.17"]
[SourceVersion "1"]
[SourceVersionDate "2019.10.17"]
[SourceQuality "1"]

1. d4 d5 2. Nf3 Nf6 3. Bf4 e6 4. e3 c5 5. c3 Nc6 6. Bd3 Be7 7. h3 0-0 8. Nbd2 Bd7 9. 0-0 h6 10. Ne5 Rc8 11. Ndf3 Be8 12. Rc1 Nxe5 13. Nxe5 Nd7 14. Bb1 Nxe5 15. Bxe5 Bd6 16. f4 f6 17. Bxd6 Qxd6 18. Qd2 f5 19. Rf2 1/2-1/2

[Event "Berlin-ch Seniors op 35th"]
[Site "Berlin"]
[Date "2019.02.06"]
[Round "8"]
[White "Bornschein, Burkhard"]
[Black "Beran, Rolf Dietrich"]
[Result "1-0"]
[WhiteElo "1996"]
[BlackElo "1926"]
[PlyCount "43"]
[EventDate "2019.01.29"]
[EventType "swiss"]
[EventRounds "9"]
[EventCountry "GER"]
[SourceTitle "CBM 189 Extra"]
[Source "ChessBase"]
[SourceDate "2019.06.03"]
[SourceVersion "1"]
[SourceVersionDate "2019.06.03"]
[SourceQuality "1"]

1. d4 c5 2. d5 d6 3. c4 g6 4. Nc3 Bg7 5. e4 e6 6. f4 e5 7. Nf3 Bg4 8. Be2 Bxf3 9. Bxf3 Nd7 10. 0-0 exf4 11. Bxf4 Ne5 12. Rc1 Ne7 13. Qa4+ Qd7 14. Bd1 Nc8 15. Bxe5 Bxe5 16. Qxd7+ Kxd7 17. Rxf7+ Ne7 18. Ba4+ Kd8 19. Rcf1 Bd4+ 20. Kh1 Bxc3 21. bxc3 Rc8 22. R1f6 1-0

[Event "Berlin-ch Seniors op 35th"]
[Site "Berlin"]
[Date "2019.02.05"]
[Round "7"]
[White "Bornschein, Burkhard"]
[Black "Sebastian, Martin"]
[Result "1-0"]
[WhiteElo "1996"]
[BlackElo "1957"]
[PlyCount "59"]
[EventDate "2019.01.29"]
[EventType "swiss"]
[EventRounds "9"]
[EventCountry "GER"]
[SourceTitle "CBM 189 Extra"]
[Source "ChessBase"]
[SourceDate "2019.06.03"]
[SourceVersion "1"]
[SourceVersionDate "2019.06.03"]
[SourceQuality "1"]

1. d4 Nf6 2. Nf3 g6 3. c4 Bg7 4. Nc3 0-0 5. e4 d6 6. h3 Nc6 7. Be2 e5 8. d5 Ne7 9. Be3 Nh5 10. Qc1 f5 11. exf5 Nxf5 12. Bg5 Nf6 13. g4 Nd4 14. Nxd4 exd4 15. Nb5 Qe8 16. Qc2 Qf7 17. 0-0-0 h6 18. Bh4 a6 19. Nxd4 b5 20. Nc6 Nd7 21. Ne7+ Kh8 22. Nxg6+ Kg8 23. Nxf8 Qxf8 24. Qf5 Qxf5 25. gxf5 bxc4 26. Rhg1 Kf8 27. Bxc4 Nf6 28. Rg6 Kf7 29. Rdg1 Bh8 30. Bd3 1-0

[Event "Berlin-ch Seniors op 35th"]
[Site "Berlin"]
[Date "2019.02.04"]
[Round "6"]
[White "Niehaus, Frank"]
[Black "Bornschein, Burkhard"]
[Result "1-0"]
[WhiteElo "2169"]
[BlackElo "1996"]
[PlyCount "81"]
[EventDate "2019.01.29"]
[EventType "swiss"]
[EventRounds "9"]
[EventCountry "GER"]
[SourceTitle "CBM 189 Extra"]
[Source "ChessBase"]
[SourceDate "2019.06.03"]
[SourceVersion "1"]
[SourceVersionDate "2019.06.03"]
[SourceQuality "1"]

1. e4 c5 2. Nf3 Nc6 3. d4 cxd4 4. Nxd4 Nf6 5. Nc3 e5 6. Ndb5 d6 7. Bg5 a6 8. Na3 b5 9. Bxf6 gxf6 10. Nd5 f5 11. c3 Be6 12. exf5 Bxd5 13. Qxd5 Ne7 14. Qf3 Rb8 15. f6 Ng8 16. Qc6+ Qd7 17. Qxa6 Qb7 18. Qxb7 Rxb7 19. Nxb5 Nxf6 20. a4 d5 21. a5 Kd7 22. Be2 Rb8 23. 0-0 Be7 24. b4 Kc6 25. Na3 Ra8 26. Nc2 Ne4 27. c4 Nc3 28. cxd5+ Kxd5 29. Ne3+ Kd6 30. Bc4 Kc6 31. b5+ Kc5 32. Rfc1 Kb4 33. Bf1 Bg5 34. a6 Rhb8 35. Rc2 Bxe3 36. fxe3 Kb3 37. Rf2 Ra7 38. Rc1 Ne4 39. Bc4+ Kb4 40. Rb2+ Ka5 41. b6 1-0

[Event "Berlin-ch Seniors op 35th"]
[Site "Berlin"]
[Date "2019.02.02"]
[Round "5"]
[White "Stein, Siegfried"]
[Black "Bornschein, Burkhard"]
[Result "0-1"]
[WhiteElo "1831"]
[BlackElo "1996"]
[PlyCount "64"]
[EventDate "2019.01.29"]
[EventType "swiss"]
[EventRounds "9"]
[EventCountry "GER"]
[SourceTitle "CBM 189 Extra"]
[Source "ChessBase"]
[SourceDate "2019.06.03"]
[SourceVersion "1"]
[SourceVersionDate "2019.06.03"]
[SourceQuality "1"]

1. e4 c5 2. d4 cxd4 3. c3 d3 4. Bxd3 Nc6 5. Nf3 d6 6. 0-0 Nf6 7. h3 e6 8. Be3 Be7 9. Nd4 e5 10. Nxc6 bxc6 11. Nd2 0-0 12. Qe2 d5 13. exd5 cxd5 14. Rfd1 Qc7 15. f3 Bd7 16. Rac1 Rfe8 17. Qf2 Bd6 18. Kh1 Nh5 19. Nf1 f5 20. Bc2 f4 21. Bd2 g5 22. Be1 Be6 23. Bb3 Bc5 24. Qe2 Rad8 25. Qb5 Nf6 26. Qd3 Kg7 27. Rd2 e4 28. fxe4 dxe4 29. Qb5 Rxd2 30. Bxd2 e3 31. Be1 Rb8 32. Qa4 Bd7 0-1

[Event "Berlin Lichtenrade op 14th"]
[Site "Berlin"]
[Date "2018.11.04"]
[Round "9"]
[White "Bornschein, Burkhard"]
[Black "Cusnariov, Nikolai"]
[Result "1/2-1/2"]
[WhiteElo "1988"]
[BlackElo "2165"]
[PlyCount "53"]
[EventDate "2018.10.27"]
[EventType "swiss"]
[EventRounds "9"]
[EventCountry "GER"]
[SourceTitle "CBM 187 Extra"]
[Source "ChessBase"]
[SourceDate "2018.11.04"]
[SourceVersion "1"]
[SourceVersionDate "2018.11.04"]
[SourceQuality "1"]

1. d4 d5 2. Nf3 Nf6 3. c4 e6 4. Nc3 Be7 5. Bg5 0-0 6. e3 h6 7. Bh4 b6 8. cxd5 exd5 9. Ne5 Bb7 10. Bd3 Nbd7 11. f4 Nxe5 12. fxe5 Ne4 13. Bxe7 Qxe7 14. 0-0 Nxc3 15. bxc3 f6 16. Qh5 fxe5 17. dxe5 Qg5 18. Qg6 Qxg6 19. Bxg6 Ba6 20. Rf4 Rxf4 21. exf4 Kf8 22. Kf2 Ke7 23. g4 Rd8 24. Rd1 Ke6 25. Bf5+ Ke7 26. Bg6 Ke6 27. Bf5+ 1/2-1/2

[Event "Berlin Lichtenberger op 17th"]
[Site "Berlin"]
[Date "2018.08.24"]
[Round "7"]
[White "Bornschein, Burkhard"]
[Black "Metzinger, Hannes"]
[Result "1-0"]
[WhiteElo "1971"]
[BlackElo "1734"]
[PlyCount "43"]
[EventDate "2018.08.18"]
[EventType "swiss"]
[EventRounds "9"]
[EventCountry "GER"]
[SourceTitle "CBM 186 Extra"]
[Source "ChessBase"]
[SourceDate "2018.08.24"]
[SourceVersion "1"]
[SourceVersionDate "2018.08.24"]
[SourceQuality "1"]

1. d4 d5 2. Nf3 Nf6 3. c4 e6 4. Bg5 c5 5. cxd5 exd5 6. g3 Nc6 7. Nc3 cxd4 8. Nxd4 Bc5 9. e3 Nxd4 10. exd4 Be7 11. Bg2 0-0 12. 0-0 Be6 13. Qb3 Ne4 14. Bxe7 Qxe7 15. Nxd5 Bxd5 16. Qxd5 Nf6 17. Qb3 Rfd8 18. Rfe1 Qd7 19. Rad1 Nd5 20. Bxd5 Qxd5 21. Re8+ Rxe8 22. Qxd5 1-0

[Event "Berlin Lieb Memorial 4th"]
[Site "Berlin"]
[Date "2018.06.21"]
[Round "5"]
[White "Bornschein, Burkhard"]
[Black "Penner, Markus"]
[Result "0-1"]
[WhiteElo "1980"]
[BlackElo "2045"]
[PlyCount "98"]
[EventDate "2018.05.17"]
[EventType "swiss"]
[EventRounds "7"]
[EventCountry "GER"]
[SourceTitle "CBM 189 Extra"]
[Source "ChessBase"]
[SourceDate "2019.06.03"]
[SourceVersion "1"]
[SourceVersionDate "2019.06.03"]
[SourceQuality "1"]

1. d4 Nf6 2. Nf3 d5 3. c4 e6 4. Bg5 h6 5. Bh4 Bb4+ 6. Nbd2 dxc4 7. Qa4+ Nc6 8. e3 Bd7 9. Qc2 b5 10. Be2 Be7 11. 0-0 0-0 12. Rfd1 Nd5 13. Bxe7 Qxe7 14. Ne4 Rfd8 15. Nc5 e5 16. Nxd7 Rxd7 17. a4 Ncb4 18. Qf5 exd4 19. Nxd4 bxa4 20. Bxc4 Nxe3 21. Qf3 Nxd1 22. Qxa8+ Rd8 23. Bxf7+ Kh8 24. Qxd8+ Qxd8 25. Rxd1 c5 26. Re1 Qxd4 27. Bg6 Qd8 28. Re8+ Qxe8 29. Bxe8 Nd3 30. Bxa4 Nxb2 31. Bc2 Kg8 32. Kf1 Kf8 33. Ke2 Ke7 34. Kd2 Nc4+ 35. Kc3 Nd6 36. f4 Ke6 37. g4 Kd5 38. Kd3 a5 39. h4 c4+ 40. Ke3 Kc5 41. f5 Kb4 42. Kd4 a4 43. Kd5 a3 44. Bb1 c3 45. Kxd6 c2 46. Bxc2 a2 47. g5 a1Q 48. Be4 Qd4+ 49. Bd5 Qxh4 0-1

[Event "Berlin Werner Ott op"]
[Site "Berlin"]
[Date "2012.07.14"]
[Round "8"]
[White "Bornschein, Burkhard"]
[Black "Kambor, Joachim"]
[Result "1/2-1/2"]
[WhiteElo "1971"]
[BlackElo "2086"]
[PlyCount "42"]
[EventDate "2012.07.07"]
[EventType "swiss"]
[EventRounds "9"]
[EventCountry "GER"]
[SourceTitle "CBM 149 Extra"]
[Source "ChessBase"]
[SourceDate "2012.08.24"]
[SourceVersion "1"]
[SourceVersionDate "2012.08.24"]
[SourceQuality "1"]

1. d4 Nf6 2. c4 e6 3. Nc3 Bb4 4. e3 0-0 5. Bd3 d5 6. Nf3 c5 7. 0-0 Nc6 8. cxd5 exd5 9. Ne5 Qe7 10. Nxc6 bxc6 11. a3 Ba5 12. dxc5 Bc7 13. f4 Qxc5 14. Na4 Qd6 15. Qc2 Re8 16. Bd2 Ne4 17. Bb4 Qh6 18. Rac1 a5 19. Be1 Bd7 20. Bxe4 Rxe4 21. Nc5 Rc4 1/2-1/2

[Event "Berlin Werner Ott op"]
[Site "Berlin"]
[Date "2012.07.12"]
[Round "6"]
[White "Bornschein, Burkhard"]
[Black "Baumeister, Wolfgang"]
[Result "1-0"]
[WhiteElo "1971"]
[BlackElo "1802"]
[PlyCount "47"]
[EventDate "2012.07.07"]
[EventType "swiss"]
[EventRounds "9"]
[EventCountry "GER"]
[SourceTitle "CBM 149 Extra"]
[Source "ChessBase"]
[SourceDate "2012.08.24"]
[SourceVersion "1"]
[SourceVersionDate "2012.08.24"]
[SourceQuality "1"]

1. d4 f5 2. Nf3 Nf6 3. c4 g6 4. g3 Bg7 5. Bg2 0-0 6. 0-0 d6 7. Nc3 Nc6 8. d5 Ne5 9. Qb3 c5 10. dxc6 Nxc6 11. Rd1 Be6 12. Nd5 Na5 13. Qd3 Rc8 14. Ng5 Bd7 15. Nxf6+ Rxf6 16. b3 h6 17. Nh3 Rf8 18. Rb1 Bc6 19. Nf4 Rf6 20. Bb2 e5 21. Bxe5 Bxg2 22. Bxf6 Qxf6 23. Kxg2 Rd8 24. Qd5+ 1-0

[Event "Berlin Werner Ott op"]
[Site "Berlin"]
[Date "2012.07.10"]
[Round "4"]
[White "Bornschein, Burkhard"]
[Black "Glantz, Robert"]
[Result "0-1"]
[WhiteElo "1971"]
[BlackElo "2286"]
[PlyCount "72"]
[EventDate "2012.07.07"]
[EventType "swiss"]
[EventRounds "9"]
[EventCountry "GER"]
[SourceTitle "CBM 149 Extra"]
[Source "ChessBase"]
[SourceDate "2012.08.24"]
[SourceVersion "1"]
[SourceVersionDate "2012.08.24"]
[SourceQuality "1"]

1. d4 Nf6 2. c4 g6 3. Nc3 Bg7 4. e4 d6 5. Nf3 0-0 6. Be2 e5 7. 0-0 Nc6 8. d5 Ne7 9. b4 Nh5 10. Re1 a5 11. bxa5 f5 12. a4 Rxa5 13. Ra3 Nf4 14. Bf1 fxe4 15. Nxe4 b6 16. Bd2 Ra8 17. h3 h6 18. Kh2 Qd7 19. Ng1 Qe8 20. g3 Nh5 21. a5 Nf6 22. f3 Nf5 23. Bg2 Qf7 24. Qc1 bxa5 25. f4 exf4 26. Nxf6+ Bxf6 27. gxf4 a4 28. c5 Nd4 29. cxd6 cxd6 30. Qc4 Bd7 31. Be4 Nf5 32. Bb4 Rfc8 33. Qe2 Rab8 34. Rb1 Qe7 35. Qg2 Nh4 36. Qh1 Rc4 0-1

[Event "Berlin-ch Class-A"]
[Site "Berlin"]
[Date "2010.05.15"]
[Round "6"]
[White "Bornschein, Burkhard"]
[Black "Welz, Peter"]
[Result "1-0"]
[WhiteElo "2012"]
[BlackElo "2151"]
[PlyCount "109"]
[EventDate "2010.05.12"]
[EventType "tourn"]
[EventRounds "7"]
[EventCountry "GER"]
[SourceTitle "EXT 2012"]
[Source "ChessBase"]
[SourceDate "2011.11.24"]
[SourceVersion "1"]
[SourceVersionDate "2011.11.24"]
[SourceQuality "1"]

1. d4 f5 2. c4 Nf6 3. Nf3 g6 4. g3 Bg7 5. Bg2 0-0 6. 0-0 d6 7. Nc3 Nc6 8. b3 e5 9. dxe5 dxe5 10. Ba3 e4 11. Ng5 h6 12. Nh3 g5 13. Bxf8 Qxf8 14. Nd5 Ne8 15. Rb1 Ne5 16. f4 exf3 17. exf3 c6 18. Nc3 Nc7 19. Qc2 b5 20. cxb5 Qc5+ 21. Kh1 Nxb5 22. Rbc1 Nd4 23. Qd1 Qd6 24. Ne2 Nf7 25. Nxd4 Bxd4 26. f4 Bd7 27. Rc4 Bb6 28. Qc2 g4 29. Nf2 Rc8 30. Rd1 Qe6 31. Nd3 Be8 32. Re1 Qf6 33. Nb4 Rd8 34. Nxc6 Bxc6 35. Rxc6 Rd6 36. Qc4 Kg7 37. Rxd6 Nxd6 38. Qe6 Qxe6 39. Rxe6 Nb5 40. Re5 Nd4 41. Bb7 Kf6 42. Kg2 Nc2 43. Bc8 Ne3+ 44. Kh1 h5 45. b4 Bd4 46. Re6+ Kg7 47. a4 Nc2 48. Rd6 Be3 49. Bxf5 Nxb4 50. Rg6+ Kf7 51. Rh6 a5 52. Rxh5 Na2 53. Bxg4 Bd2 54. Bd7 Nc1 55. Bb5 1-0

[Event "Berlin-ch Class-A"]
[Site "Berlin"]
[Date "2010.05.14"]
[Round "4"]
[White "Bornschein, Burkhard"]
[Black "Sawlin, Leonid"]
[Result "1/2-1/2"]
[WhiteElo "2012"]
[BlackElo "1894"]
[PlyCount "87"]
[EventDate "2010.05.12"]
[EventType "tourn"]
[EventRounds "7"]
[EventCountry "GER"]
[SourceTitle "EXT 2012"]
[Source "ChessBase"]
[SourceDate "2011.11.24"]
[SourceVersion "1"]
[SourceVersionDate "2011.11.24"]
[SourceQuality "1"]

1. d4 c5 2. d5 e5 3. c4 d6 4. Nc3 g6 5. e4 Bg7 6. g3 Ne7 7. Bg2 0-0 8. Nf3 h6 9. 0-0 f5 10. exf5 gxf5 11. Nh4 a6 12. Qh5 Kh7 13. Bg5 Qe8 14. Qxe8 Rxe8 15. Bxe7 Rxe7 16. Bh3 Rf7 17. Na4 Nd7 18. Bxf5+ Kh8 19. Be6 Rf6 20. Nf5 Bf8 21. f4 exf4 22. Rxf4 b5 23. Nc3 Ne5 24. Ne4 Rg6 25. Nh4 Bxe6 26. Nxg6+ Nxg6 27. Rf6 Bh3 28. Nf2 Kg7 29. Rxg6+ Kxg6 30. Nxh3 bxc4 31. Rc1 Rb8 32. Nf4+ Kf6 33. Rxc4 Rxb2 34. Ne6 Be7 35. Ra4 Rb6 36. Nf4 Kf5 37. g4+ Ke5 38. h4 a5 39. Kg2 Bd8 40. Kf3 Kf6 41. Re4 Kf7 42. Kg3 Bf6 43. Nd3 Rb1 44. Rf4 1/2-1/2

[Event "Berlin-ch Class-A"]
[Site "Berlin"]
[Date "2010.05.13"]
[Round "3"]
[White "Zschaebitz, Klaus"]
[Black "Bornschein, Burkhard"]
[Result "1-0"]
[WhiteElo "2081"]
[BlackElo "2012"]
[PlyCount "101"]
[EventDate "2010.05.12"]
[EventType "tourn"]
[EventRounds "7"]
[EventCountry "GER"]
[SourceTitle "EXT 2012"]
[Source "ChessBase"]
[SourceDate "2011.11.24"]
[SourceVersion "1"]
[SourceVersionDate "2011.11.24"]
[SourceQuality "1"]

1. d4 d5 2. c4 c6 3. e3 Nf6 4. Nf3 Bg4 5. Qb3 Qc7 6. Ne5 e6 7. Nc3 Nbd7 8. Nxg4 Nxg4 9. cxd5 exd5 10. h3 Ngf6 11. Bd2 Qb6 12. Qd1 Be7 13. Rc1 0-0 14. Bd3 Rfe8 15. 0-0 Bf8 16. Rc2 g6 17. Qf3 Bg7 18. b4 Nf8 19. b5 Ne6 20. Rb1 Qd8 21. bxc6 bxc6 22. Na4 Rc8 23. Ba6 Rc7 24. Ba5 Qd6 25. Bxc7 Qxc7 26. Qd1 Ne4 27. Bd3 Nd8 28. Bxe4 Rxe4 29. Nc5 Re8 30. Rcb2 Bf8 31. Rb8 Bd6 32. Qb3 Qe7 33. Ra8 g5 34. Nb7 Bc7 35. Qb4 Qe6 36. Nxd8 Bxd8 37. Rxa7 g4 38. hxg4 Qxg4 39. Qb7 Qf5 40. Rf1 Bg5 41. Ra8 Qe6 42. Rxe8+ Qxe8 43. Re1 Bf6 44. Qb6 Bd8 45. Qb8 Kg7 46. Qg3+ Kh6 47. f3 Ba5 48. Qf4+ Kg6 49. Re2 Qe7 50. Qg4+ Kf6 51. Qh4+ 1-0

[Event "Berlin op 07"]
[Site "Berlin"]
[Date "2009.07.22"]
[Round "5"]
[White "Bornschein, Burkhard"]
[Black "Pflantz, Mike"]
[Result "1-0"]
[WhiteElo "2019"]
[BlackElo "2184"]
[PlyCount "81"]
[EventDate "2009.07.18"]
[EventType "swiss"]
[EventRounds "9"]
[EventCountry "GER"]
[SourceTitle "CBM 131 Extra"]
[Source "ChessBase"]
[SourceDate "2009.09.03"]
[SourceVersion "2"]
[SourceVersionDate "2009.09.16"]
[SourceQuality "1"]

1. d4 Nf6 2. Nf3 e6 3. c4 b6 4. Nc3 Bb4 5. e3 Bb7 6. Bd3 Ne4 7. Bxe4 Bxe4 8. Bd2 Bb7 9. a3 Be7 10. e4 d6 11. 0-0 Nd7 12. Re1 c5 13. d5 e5 14. Qc2 Bc8 15. h3 0-0 16. a4 a5 17. Rad1 f6 18. Nh4 g6 19. g3 Nb8 20. Kg2 f5 21. Nf3 Rf7 22. Re2 g5 23. Nh2 h5 24. f3 Bd7 25. exf5 Bxf5 26. Ne4 Nd7 27. g4 hxg4 28. Nxg4 Bxg4 29. fxg4 Nf8 30. Ng3 Rh7 31. Rf1 Qe8 32. Rf5 Ng6 33. Rf1 Ra7 34. Nf5 Nh4+ 35. Nxh4 Rxh4 36. Qf5 Rh7 37. Qe6+ Kh8 38. Bxg5 Qd8 39. Ref2 Rg7 40. Bxe7 Qxe7 41. Rf8+ 1-0

[Event "Berlin op 09"]
[Site "Berlin"]
[Date "2006.10.05"]
[Round "6"]
[White "Tchetchelnitski, Boris"]
[Black "Bornschein, Burkhard"]
[Result "1-0"]
[WhiteElo "2232"]
[BlackElo "2021"]
[PlyCount "96"]
[EventDate "2006.09.30"]
[EventType "swiss"]
[EventRounds "9"]
[EventCountry "GER"]
[SourceTitle "EXT 2007"]
[Source "ChessBase"]
[SourceDate "2006.11.23"]
[SourceVersion "1"]
[SourceVersionDate "2006.11.23"]
[SourceQuality "1"]

1. c4 Nf6 2. g3 c6 3. Bg2 d5 4. Nf3 Bg4 5. Ne5 Be6 6. d4 Nbd7 7. 0-0 dxc4 8. Qc2 Qb6 9. Nxd7 Nxd7 10. Rd1 Nf6 11. Na3 Rd8 12. Bf4 Qa6 13. e4 b5 14. Qe2 Bg4 15. f3 Be6 16. Nc2 Qa5 17. Bd2 Qb6 18. a4 Bc8 19. axb5 Qxb5 20. Bc3 a6 21. Ne3 e6 22. f4 Bb4 23. Qxc4 Bxc3 24. bxc3 0-0 25. Rdb1 Qxc4 26. Nxc4 c5 27. dxc5 Rd3 28. Ra3 Rfd8 29. Nd6 Bd7 30. Bf1 Re3 31. Bg2 Bb5 32. Rba1 Kf8 33. c4 Rxa3 34. Rxa3 Bc6 35. Rxa6 Ba8 36. e5 Bxg2 37. Kxg2 Ne8 38. Ra7 f6 39. Kf3 h5 40. Ke4 g5 41. fxg5 fxg5 42. Rh7 Ng7 43. c6 Kg8 44. Rh6 Rf8 45. c7 Ne8 46. Nxe8 Rxe8 47. Rg6+ Kh7 48. Rf6 Kg7 1-0

[Event "Berlin op 07"]
[Site "Berlin"]
[Date "2006.07.14"]
[Round "7"]
[White "Albrecht, Rainer"]
[Black "Bornschein, Burkhard"]
[Result "1-0"]
[WhiteElo "2256"]
[BlackElo "2021"]
[PlyCount "131"]
[EventDate "2006.07.08"]
[EventType "swiss"]
[EventRounds "9"]
[EventCountry "GER"]
[SourceTitle "CBM 113 Extra"]
[Source "ChessBase"]
[SourceDate "2006.09.14"]
[SourceVersion "1"]
[SourceVersionDate "2006.09.14"]
[SourceQuality "1"]

1. d4 Nf6 2. c4 e6 3. Nc3 Bb4 4. g3 d5 5. Bg2 0-0 6. cxd5 exd5 7. Nf3 c6 8. 0-0 Nbd7 9. Ne1 Re8 10. Nd3 Bd6 11. f3 Qb6 12. e3 Nf8 13. Nf2 c5 14. Na4 Qc6 15. Nxc5 Bxc5 16. dxc5 Qxc5 17. Bd2 Ne6 18. Bc3 Qe7 19. Qb3 Nc5 20. Qa3 b6 21. Rfe1 Bb7 22. Rad1 a5 23. Nd3 Nfd7 24. b3 Nxd3 25. Qxe7 Rxe7 26. Rxd3 Nc5 27. Rd2 b5 28. Kf2 b4 29. Bd4 Ne6 30. Rc1 f5 31. Bf1 a4 32. bxa4 Rxa4 33. Rcc2 Ra3 34. Bd3 g6 35. Rb2 Nxd4 36. exd4 Ba6 37. Bxa6 Rxa6 38. Rxb4 Rea7 39. h4 Rxa2 40. Rxa2 Rxa2+ 41. Ke3 Ra7 42. Rb5 Rd7 43. Kf4 Kg7 44. g4 fxg4 45. fxg4 Rf7+ 46. Ke5 h5 47. g5 Rf5+ 48. Ke6 Rf4 49. Rxd5 Re4+ 50. Kd6 Kf7 51. Kc5 Rxh4 52. Re5 Rf4 53. d5 Rf1 54. d6 Rc1+ 55. Kd5 Rd1+ 56. Kc6 Rc1+ 57. Kd7 Rc4 58. Re7+ Kf8 59. Re6 Rc5 60. Rxg6 Kf7 61. Rf6+ Kg7 62. Ke7 Rxg5 63. d7 Rd5 64. Rd6 Re5+ 65. Re6 Rd5 66. d8Q 1-0